[Event "Oberliga Nord W 9899"]
[Site "Germany"]
[Date "1999.02.21"]
[Round "6.2"]
[White "Geveke, Michael"]
[Black "Zeitlein, Michael"]
[Result "0-1"]
[WhiteElo "2315"]
[BlackElo "2455"]
[PlyCount "144"]
[EventDate "1998.10.??"]
[EventType "team"]
[EventRounds "9"]
[EventCountry "GER"]
[SourceTitle "EXT 2003"]
[Source "ChessBase"]
[SourceDate "2002.11.25"]
[SourceVersion "1"]
[SourceVersionDate "2002.11.25"]
[SourceQuality "1"]
[WhiteTeam "Hannover SV"]
[BlackTeam "Werder Bremen II"]
[WhiteTeamCountry "GER"]
[BlackTeamCountry "GER"]

1. Nf3 d6 2. d4 Bg4 3. e4 e6 4. Nc3 Nf6 5. Bg5 Be7 6. Be2 0-0 7. 0-0 d5 8. exd5 exd5 9. Ne5 Bxe2 10. Nxe2 Nbd7 11. Ng3 h6 12. Bf4 Re8 13. Qf3 Bd6 14. Rfe1 Re6 15. Nf5 Bxe5 16. Bxe5 Nxe5 17. Rxe5 Rxe5 18. dxe5 Ne4 19. Rd1 c6 20. c4 Qe8 21. cxd5 Qxe5 22. d6 Nf6 23. Ne7+ Kf8 24. Qb3 Rd8 25. Qb4 a5 26. Qd2 Ne4 27. Qe1 Rxd6 28. Rxd6 Qxd6 29. Nf5 Qd2 30. Qxd2 Nxd2 31. Nd6 b5 32. Nb7 a4 33. f3 Ke7 34. Kf2 Nc4 35. b3 axb3 36. axb3 Nd6 37. Nc5 Nf5 38. Ke2 Kd6 39. Ne4+ Kd5 40. Kd3 c5 41. Nc3+ Kc6 42. Ne4 Nd6 43. Nc3 b4 44. Ne2 g5 45. Ng3 f5 46. Ne2 Kd5 47. Ng3 f4 48. Ne2 Nf7 49. h4 Ne5+ 50. Kc2 c4 51. bxc4+ Kxc4 52. hxg5 hxg5 53. Nc1 Nc6 54. Kd2 Ne5 55. Kc2 Nd7 56. Nd3 b3+ 57. Kd2 Kd4 58. Nc1 Nc5 59. Ne2+ Kc4 60. Nc3 Kb4 61. Nb1 Na4 62. Kd3 Nb2+ 63. Kd2 Nc4+ 64. Kc1 Kc5 65. Nc3 Kd4 66. Nd1 Ke5 67. Nf2 Kf5 68. Nd3 Kg6 69. Nc5 b2+ 70. Kb1 Kh5 71. Ne4 Kh4 72. Ka2 Ne3 0-1

[Event "Oberliga Nord W 9899"]
[Site "Germany"]
[Date "1999.01.31"]
[Round "5.2"]
[White "Hummel, Dirk"]
[Black "Geveke, Michael"]
[Result "1-0"]
[WhiteElo "2205"]
[BlackElo "2315"]
[PlyCount "59"]
[EventDate "1998.10.??"]
[EventType "team"]
[EventRounds "9"]
[EventCountry "GER"]
[SourceTitle "EXT 2003"]
[Source "ChessBase"]
[SourceDate "2002.11.25"]
[SourceVersion "1"]
[SourceVersionDate "2002.11.25"]
[SourceQuality "1"]
[WhiteTeam "Oesede Georgsmarienhuette"]
[BlackTeam "Hannover SV"]
[WhiteTeamCountry "GER"]
[BlackTeamCountry "GER"]

1. d4 Nf6 2. c4 c5 3. d5 e6 4. Nc3 exd5 5. cxd5 d6 6. e4 g6 7. f4 Bg7 8. Bb5+ Nfd7 9. a4 a6 10. Be2 Qh4+ 11. g3 Qd8 12. Nf3 0-0 13. 0-0 Re8 14. h3 Bxc3 15. bxc3 Nf6 16. Kh2 Qd7 17. Ng1 Nxe4 18. Bb2 Qc7 19. c4 Qa5 20. Bd3 f5 21. Nf3 Nd7 22. Re1 Nf8 23. Ng5 Nf2 24. Rxe8 Nxd1 25. Rxd1 Qb4 26. Ba1 h6 27. Nh7 Kxh7 28. Rxf8 g5 29. h4 Kg6 30. g4 1-0

[Event "Naujac op 02nd"]
[Site "Naujac"]
[Date "1999.??.??"]
[Round "2"]
[White "Geveke, Michael"]
[Black "Maghrabi, Yvan"]
[Result "1-0"]
[WhiteElo "2275"]
[BlackElo "1920"]
[PlyCount "47"]
[EventDate "1999.07.??"]
[EventType "swiss"]
[EventRounds "7"]
[EventCountry "FRA"]
[SourceTitle "EXT 2000"]
[Source "ChessBase"]
[SourceDate "1999.11.16"]
[SourceVersion "1"]
[SourceVersionDate "1999.11.16"]
[SourceQuality "1"]

1. Nf3 Nf6 2. g3 g6 3. c4 Bg7 4. Nc3 c5 5. Bg2 0-0 6. d4 cxd4 7. Nxd4 Nc6 8. 0-0 Ng4 9. e3 d6 10. h3 Nge5 11. b3 Qa5 12. Nd5 e6 13. Nf4 Nxd4 14. exd4 Nc6 15. Bd2 Qc7 16. d5 Bxa1 17. Qxa1 e5 18. dxc6 bxc6 19. Nd3 Be6 20. Bh6 Rfe8 21. Bg5 Kg7 22. f4 Qb6+ 23. c5 Qb5 24. fxe5 1-0

[Event "Oberliga Nord W 9899"]
[Site "Germany"]
[Date "1998.12.13"]
[Round "3.2"]
[White "Plump, Detlef"]
[Black "Geveke, Michael"]
[Result "1-0"]
[WhiteElo "2235"]
[BlackElo "2315"]
[PlyCount "65"]
[EventDate "1998.10.??"]
[EventType "team"]
[EventRounds "9"]
[EventCountry "GER"]
[SourceTitle "EXT 2003"]
[Source "ChessBase"]
[SourceDate "2002.11.25"]
[SourceVersion "1"]
[SourceVersionDate "2002.11.25"]
[SourceQuality "1"]
[WhiteTeam "Delmenhorst II"]
[BlackTeam "Hannover SV"]
[WhiteTeamCountry "GER"]
[BlackTeamCountry "GER"]

1. e4 e6 2. d4 d5 3. Nc3 Bb4 4. e5 c5 5. a3 Bxc3+ 6. bxc3 Qc7 7. Nf3 Ne7 8. Bd3 Nbc6 9. 0-0 c4 10. Be2 Bd7 11. Ng5 h6 12. Nh3 0-0-0 13. Nf4 f6 14. exf6 gxf6 15. Bg4 Qd6 16. a4 h5 17. Bh3 Rdg8 18. Re1 e5 19. Ba3 Qc7 20. Ne6 Qa5 21. Qf3 f5 22. Bxe7 e4 23. Qxf5 Nxe7 24. Qf7 Qxc3 25. Kf1 Ng6 26. Rab1 b6 27. a5 Qxc2 28. axb6 axb6 29. Ra1 Qd3+ 30. Kg1 Nf8 31. Ra8+ Kb7 32. Rxf8 Qxh3 33. Qxd7+ 1-0

[Event "Pardubice Czech op"]
[Site "Pardubice"]
[Date "1998.??.??"]
[Round "1"]
[White "Chrz, Pavel"]
[Black "Geveke, Michael"]
[Result "1-0"]
[WhiteElo "2110"]
[BlackElo "2315"]
[PlyCount "105"]
[EventDate "1998.07.??"]
[EventType "swiss"]
[EventRounds "9"]
[EventCountry "CZE"]
[SourceTitle "EXT 2000"]
[Source "ChessBase"]
[SourceDate "1999.11.16"]
[SourceVersion "1"]
[SourceVersionDate "1999.11.16"]
[SourceQuality "1"]

1. e4 e6 2. d4 d5 3. Nd2 Nf6 4. e5 Nfd7 5. Bd3 c5 6. c3 Nc6 7. Ne2 cxd4 8. cxd4 f6 9. exf6 Nxf6 10. Nf3 Bd6 11. Bf4 Bxf4 12. Nxf4 Qa5+ 13. Qd2 Qxd2+ 14. Kxd2 0-0 15. Rhe1 Ne4+ 16. Bxe4 Rxf4 17. Bd3 Nxd4 18. Ke3 Nxf3 19. Kxf4 Nxe1 20. Rxe1 Bd7 21. Ke5 Bc6 22. g3 Kf7 23. f4 Rd8 24. Kd4 Kf6 25. h4 h5 26. Re5 g6 27. Re1 Re8 28. b4 a6 29. Rc1 Bb5 30. Bb1 Bc4 31. a4 b6 32. Rc2 Re7 33. Rg2 Bb3 34. g4 hxg4 35. Rxg4 Rg7 36. a5 bxa5 37. bxa5 Ba4 38. Bd3 Bb5 39. Bxb5 axb5 40. Kc5 Kf5 41. Rg1 Kxf4 42. h5 g5 43. Rf1+ Ke5 44. a6 Rh7 45. Rh1 g4 46. Kb6 b4 47. a7 Rh8 48. h6 b3 49. Rb1 g3 50. Kb7 Rh7+ 51. Ka6 Rh8 52. Rxb3 g2 53. Rg3 1-0